Fantasy Football 2024 Weekly WR1 - Statistics

General Stats
  • This quiz has been taken 102 times
    63 since last reset
  • The average score is 11 of 18
Answer Stats
Week Points WR % Correct
5 41.3 Ja'Marr Chase
98%
10 55.4 Ja'Marr Chase
98%
14 45.1 Ja'Marr Chase
98%
16 36.4 Justin Jefferson
96%
7 25.2 Amon-Ra St. Brown
88%
11 38.7 Amon-Ra St. Brown
88%
8 39.6 Ceedee Lamb
78%
15 42.8 Davante Adams
59%
4 33.1 Nico Collins
59%
17 40.1 Tee Higgins
59%
6 35.5 Chris Godwin
53%
9 37 Jaxon Smith-Njigba
51%
18 40.7 Drake London
47%
13 40.5 Jerry Jeudy
41%
12 30.2 Jordan Addison
35%
2 29 Marvin Harrison Jr.
35%
1 33.1 Jayden Reed
27%
3 46.5 Jauan Jennings
25%
No matching quizzes found
Score Distribution
Percent of People with Each Score
Percentile by Number Answered
Your Score History
You have not taken this quiz since the last reset